000 00868cam a22002411 4500
001 000005785
005 20200929151802.0
008 790124s1966 uy a 000 1 spa
040 _aDO-SdBNP
_cNbU
_dDLC
042 _apremarc
082 _aU863.3
_bZ39c
100 1 _aZavala Muniz, Justino,
_d1898-
_916368
245 1 0 _aCrónica de un crimen /
_cJustino Zavala Muniz; prólogo de Arturo Sergio Visca.
260 _aMontevideo :
_bMinisterio de Instrucción Pública y Previsión Social,
_c1966.
300 _axlviii, 276 p. :
_bil. ;
_c20 cm.
490 1 _aBiblioteca Artigas.
490 1 _aClásicos uruguayos,
_vv. 107
650 4 _aNovela uruguaya
_95679
650 4 _aLiteratura uruguaya
_93054
700 1 _aVisca, Arturo Sergio,
_epról.
_916277
830 0 _aBiblioteca Artigas.
_pClásicos uruguayos,
_vv. 107
_916276
910 _aCatalogación por copia / LC
999 _c5581
_d5581